| 000 | 02373nam a2200337Ia 4500 | ||
|---|---|---|---|
| 001 | 9781410609144 | ||
| 003 | BD-DhSAU | ||
| 005 | 20151012151724.0 | ||
| 006 | m|||||o||d|||||||| | ||
| 007 | cr|||| | ||
| 008 | 140311r20122003nyuad ob 001 0 eng d | ||
| 020 | _a9781410609144 (e-book : PDF) | ||
| 040 |
_aBD-DhSAU _cBD-DhSAU |
||
| 090 |
_aBF720.R43 _bR44 2012 |
||
| 092 |
_a155.4228 _bR343 |
||
| 245 | 0 | 0 |
_aRegression periods in human infancy _h[electronic resource] / _cedited by Mikael Heimann. |
| 260 |
_aNew York : _bRoutledge, _c2012. |
||
| 300 |
_axiv, 220 p. : _bill. |
||
| 500 | _aFirst published by Lawrence Erlbaum Associates, Inc., Publishers in 2003. | ||
| 504 | _aIncludes bibliographical references and index. | ||
| 505 | 0 | _a1. Regression periods in human infancy : an introduction / Mikael Heimann -- 2. Reflections on regression periods in the development of Catalan infants / Marta Sadurni and Carlos Rostan -- 3. Detecting infant regression periods : weak signals in a noisy environement / Ashley Woolmore and John Richer -- 4. Occurrence of regressive periods in the normal development of Swedish infants / Lisbeth B. Lindahl, Mikael Heimann, and Eva Ullstadius -- 5. The effects of sources of "noise" on direct observation measures of regression periods : case studies of four infants' adaptations to special parental conditions / Frans X. Plooij and Hedwig H.C. van de Rijt-Plooij -- 6. Illness peaks during infancy and regression periods / Franx X. Plooij ... [et al.] -- 7. Multimodal distribution of SIDS and regression periods / Frans X. Plooij, Hedwig H.C. van de Rijt-Plooij, and Roelof Helmers -- 8. Regulation of brain development and age-related changes in infants' motives : the developmental function of regressive periods / Colwyn Trevarthen and Kenneth Aitken -- 9. The trilogy of mind / Frans X. Plooij. | |
| 530 | _aAlso available in print edition. | ||
| 538 | _aMode of access: World Wide Web. | ||
| 650 | 0 |
_aRegression (Psychology) in infants _vCross-cultural studies. |
|
| 650 | 0 |
_aMother and infant _vCross-cultural studies. |
|
| 650 | 0 |
_aAttachment behavior in infants _vCross-cultural studies. |
|
| 655 | 7 |
_aElectronic books. _2lcsh |
|
| 700 | 1 | _aHeimann, Mikael. | |
| 776 | 1 |
_z9780805840988 _z9780415651424 _z0805840982 (cloth : alk. paper) |
|
| 856 | 4 | 0 | _uhttp://www.tandfebooks.com/isbn/9781410609144 |
| 999 |
_c13126 _d13125 |
||